[Event "CAT-chT 2020"]
[Site "Catalonia"]
[Date "2020.02.08"]
[Round "4.6"]
[White "Oms Fuentes, Lluis"]
[Black "Chueca Forcen, Alberto"]
[Result "1-0"]
[WhiteElo "2297"]
[BlackElo "2358"]
[Annotator "ChessBase"]
[PlyCount "127"]
[EventDate "2020.01.18"]
[EventType "team-tourn"]
[EventCountry "ESP"]
[SourceTitle "playchess.com"]
[Source "ChessBase"]
[SourceQuality "1"]
[TimeControl "5400+30"]

1. e4 c5 2. Nc3 Nc6 3. g3 g6 4. Bg2 Bg7 5. d3 d6 6. Be3 e6 7. Qd2 Nd4 8. Nd1 Ne7 9. c3 Ndc6 10. Bh6 O-O 11. h4 Kh8 12. Bxg7+ Kxg7 13. h5 Ng8 14. Ne3 b5 15. Ne2 Bb7 16. O-O-O Qa5 17. Kb1 b4 18. c4 Qb6 19. Ng4 e5 20. hxg6 fxg6 21. f4 Rae8 22. f5 Qd8 23. Rdf1 gxf5 24. exf5 Kh8 25. f6 Rf7 26. Bd5 Ref8 27. Bxf7 Rxf7 28. Rxh7+ Rxh7 29. f7 Qf8 30. fxg8=Q+ Qxg8 31. Nf6 Qf7 32. g4 Rh3 33. Qg5 Ne7 34. Ng3 Qg6 35. Qxg6 Nxg6 36. Nf5 Rxd3 37. Rf2 Nf4 38. Kc2 Rh3 39. Nxd6 Bh1 40. Nf5 Ne6 41. Re2 Nd4+ 42. Nxd4 exd4 43. Re7 Rh2+ 44. Kd3 Rh3+ 45. Kd2 Rh2+ 46. Re2 Rxe2+ 47. Kxe2 Bc6 48. Nh5 Bd7 49. Kf3 Be6 50. b3 Kg8 51. Nf4 Bf7 52. Ke2 Kg7 53. Nd3 Bg6 54. Nxc5 Bb1 55. Kd2 Kf6 56. Kc1 Bg6 57. Na6 Kg5 58. Nxb4 Kxg4 59. Nc6 Kf4 60. Nxd4 Ke3 61. Nc6 a6 62. Ne7 Be8 63. c5 Kd4 64. c6 {Kd5} 1-0

[Event "CAT-chT 2020"]
[Site "Catalonia"]
[Date "2020.02.08"]
[Round "4.6"]
[White "Fernandez Madrid, Carlos"]
[Black "Perpinya Rofes, Lluis Maria"]
[Result "0-1"]
[WhiteElo "2128"]
[BlackElo "2293"]
[Annotator "ChessBase"]
[PlyCount "66"]
[EventDate "2020.01.18"]
[EventType "team-tourn"]
[EventCountry "ESP"]
[SourceTitle "playchess.com"]
[Source "ChessBase"]
[SourceQuality "1"]
[TimeControl "5400+30"]

1. c4 {[%emt 0:05:27]} e5 {[%emt 0:00:29]} 2. Nc3 {[%emt 0:07:15]} Nc6 {[%emt 0:00:17]} 3. g3 {[%emt 0:00:05]} g6 {[%emt 0:00:15]} 4. Bg2 {[%emt 0:00:04]} Bg7 {[%emt 0:00:12]} 5. e3 {[%emt 0:00:10]} d6 {[%emt 0:00:40]} 6. Nge2 {[%emt 0:00:05]} Nge7 {[%emt 0:03:27]} 7. O-O {[%emt 0:11:25]} O-O {[%emt 0:00:09]} 8. d4 {[%emt 0:00:10]} exd4 {[%emt 0:04:24]} 9. exd4 {[%emt 0:00:38]} a6 {[%emt 0:08:33]} 10. Bf4 {[%emt 0:02:15]} Rb8 {[%emt 0:04:54]} 11. Qd2 {[%emt 0:04:10]} Nf5 {[%emt 0:03:03]} 12. d5 {[%emt 0:00:53]} Ne5 {[%emt 0:02:14]} 13. b3 {[%emt 0:00:42]} h6 {[%emt 0:03:33]} 14. h4 {[%emt 0:01:00]} b5 {[%emt 0:01:49]} 15. cxb5 {[%emt 0:00:07]} axb5 {[%emt 0:00:08]} 16. Rac1 {[%emt 0:00:20]} b4 {[%emt 0:06:28]} 17. Ne4 {[%emt 0:01:07]} Ba6 {[%emt 0:01:35]} 18. Bxe5 {[%emt 0:01:06]} Bxe5 {[%emt 0:05:53]} 19. Rfd1 {[%emt 0:00:11]} Re8 {[%emt 0:08:52]} 20. Nf4 {[%emt 0:07:02]} Nxh4 {[%emt 0:27:56]} 21. gxh4 {[%emt 0:01:11]} Qxh4 {[%emt 0:00:04]} 22. Nh3 {[%emt 0:00:08]} f5 {[%emt 0:04:20]} 23. Ng3 {[%emt 0:03:50]} f4 {[%emt 0:04:41]} 24. Rxc7 {[%emt 0:07:42]} fxg3 {[%emt 0:01:30]} 25. f4 {[%emt 0:01:45]} Bc3 {[%emt 0:01:56]} 26. Qc2 {[%emt 0:00:11]} Qf6 {[%emt 0:00:52]} 27. Be4 {[%emt 0:00:36]} Rbc8 {[%emt 0:01:24]} 28. Rxc8 {[%emt 0:00:39]} Bxc8 {[%emt 0:00:44]} 29. Bxg6 {[%emt 0:00:26]} Bxh3 {[%emt 0:02:13]} 30. Bxe8 {[%emt 0:01:10]} Bd4+ {[%emt 0:01:13]} 31. Kh1 {[%emt 0:00:06]} Bf5 {[%emt 0:00:10]} 32. Qd2 {[%emt 0:01:42]} Qh4+ {[%emt 0:00:12]} 33. Kg2 {[%emt 0:00:07]} Qh3+ {[%emt 0:00:12]} 0-1

[Event "CAT-chT 2020"]
[Site "Catalonia"]
[Date "2020.02.08"]
[Round "4.7"]
[White "Vehi Bach, Victor Manuel"]
[Black "Jimenez Ruano, Adrian"]
[Result "1-0"]
[WhiteElo "2316"]
[BlackElo "2232"]
[Annotator "ChessBase"]
[PlyCount "60"]
[EventDate "2020.01.18"]
[EventType "team-tourn"]
[EventCountry "ESP"]
[SourceTitle "playchess.com"]
[Source "ChessBase"]
[SourceQuality "1"]
[TimeControl "5400+30"]

1. e4 c5 2. Nf3 Nc6 3. d4 cxd4 4. Nxd4 Nf6 5. Nc3 e5 6. Ndb5 d6 7. Bg5 a6 8. Na3 b5 9. Bxf6 gxf6 10. Nd5 f5 11. c3 Bg7 12. Bd3 Be6 13. Qh5 Rb8 14. Nc2 Bxd5 15. exd5 e4 16. Bxe4 fxe4 17. dxc6 O-O 18. O-O Rc8 19. Qd5 Re8 20. Rad1 Be5 21. Rfe1 Qh4 22. g3 Qh5 23. Rxe4 Re6 24. f4 Rh6 25. Rd2 Bg7 26. Qxh5 Rxh5 27. Nb4 Bf8 28. Nd5 Kg7 29. c7 Rxd5 30. Rxd5 Rxc7 1-0

[Event "CAT-chT 2020"]
[Site "Catalonia"]
[Date "2020.02.08"]
[Round "4.7"]
[White "Fernandez Aguado, Enrique"]
[Black "Campins Machado, Francesc"]
[Result "0-1"]
[WhiteElo "2269"]
[BlackElo "2129"]
[Annotator "ChessBase"]
[PlyCount "90"]
[EventDate "2020.01.18"]
[EventType "team-tourn"]
[EventCountry "ESP"]
[SourceTitle "playchess.com"]
[Source "ChessBase"]
[SourceQuality "1"]
[TimeControl "5400+30"]

1. Nf3 {[%emt 0:00:00]} Nf6 {[%emt 0:00:00]} 2. c4 {[%emt 0:00:00]} e6 {[%emt 0:00:05]} 3. Nc3 {[%emt 0:00:52]} c5 {[%emt 0:01:25]} 4. g3 {[%emt 0:01:42]} b6 {[%emt 0:03:53]} 5. Bg2 {[%emt 0:00:09]} Bb7 {[%emt 0:00:05]} 6. O-O {[%emt 0:00:16]} Be7 {[%emt 0:00:27]} 7. Re1 {[%emt 0:00:14]} O-O {[%emt 0:03:51]} 8. e4 {[%emt 0:00:18]} d6 {[%emt 0:00:15]} 9. d4 {[%emt 0:00:24]} cxd4 {[%emt 0:02:53]} 10. Nxd4 {[%emt 0:00:15]} Qc8 {[%emt 0:06:37]} 11. b3 {[%emt 0:05:56]} a6 {[%emt 0:00:23]} 12. Ba3 {[%emt 0:02:04]} Qc7 {[%emt 0:07:47]} 13. Rc1 {[%emt 0:04:39]} Nbd7 {[%emt 0:03:22]} 14. g4 {[%emt 0:07:30]} g6 {[%emt 0:09:40]} 15. h3 {[%emt 0:25:25]} Rfe8 {[%emt 0:01:54]} 16. Qd2 {[%emt 0:00:27]} Rac8 {[%emt 0:06:39]} 17. Nde2 {[%emt 0:01:46]} Qb8 {[%emt 0:18:12]} 18. Ng3 {[%emt 0:00:52]} Red8 {[%emt 0:04:04]} 19. g5 {[%emt 0:06:34]} Ne8 {[%emt 0:00:04]} 20. h4 {[%emt 0:00:43]} Bf8 {[%emt 0:01:02]} 21. Nf1 {[%emt 0:08:47]} Ba8 {[%emt 0:01:34]} 22. Ne3 {[%emt 0:00:55]} b5 {[%emt 0:03:30]} 23. cxb5 {[%emt 0:01:21]} axb5 {[%emt 0:00:01]} 24. Bb4 {[%emt 0:00:12]} Ne5 {[%emt 0:01:36]} 25. a3 {[%emt 0:09:42]} Nc6 {[%emt 0:01:53]} 26. Ng4 {[%emt 0:00:21]} Bg7 {[%emt 0:02:52]} 27. Qd3 {[%emt 0:06:24]} Nxb4 {[%emt 0:02:36]} 28. axb4 {[%emt 0:00:09]} Nc7 {[%emt 0:02:30]} 29. Nf6+ {[%emt 0:05:28]} Bxf6 {[%emt 0:01:02]} 30. gxf6 Ne8 {[%emt 0:03:26]} 31. Nxb5 {[%emt 0:03:50]} Rxc1 {[%emt 0:00:17]} 32. Rxc1 {[%emt 0:00:05]} Nxf6 {[%emt 0:00:07]} 33. Ra1 {[%emt 0:05:17]} Bxe4 {[%emt 0:01:33]} 34. Bxe4 {[%emt 0:00:34]} Nxe4 {[%emt 0:00:01]} 35. Nd4 {[%emt 0:01:59]} d5 {[%emt 0:00:09]} 36. b5 {[%emt 0:01:12]} Qf4 {[%emt 0:00:38]} 37. Qe3 {[%emt 0:01:16]} Qg4+ {[%emt 0:00:55]} 38. Kf1 {[%emt 0:00:13]} Qxh4 {[%emt 0:00:59]} 39. Ra7 {[%emt 0:00:18]} Qh1+ {[%emt 0:01:22]} 40. Ke2 {[%emt 0:00:06]} e5 {[%emt 0:02:59]} 41. Nc6 {[%emt 0:01:37]} d4 {[%emt 0:00:43]} 42. Qd3 {[%emt 0:00:02]} Nc5 {[%emt 0:03:55]} 43. Qc4 {[%emt 0:01:04]} d3+ {[%emt 0:00:39]} 44. Kd2 {[%emt 0:00:30]} Ne4+ {[%emt 0:00:17]} 45. Ke3 {[%emt 0:00:26]} Qe1+ {[%emt 0:00:16] Kd4} 0-1

[Event "CAT-chT 2020"]
[Site "Catalonia"]
[Date "2020.02.08"]
[Round "4.8"]
[White "Cuadras Avellana, Jordi"]
[Black "Barbero Sendic, Alejandro"]
[Result "0-1"]
[WhiteElo "2207"]
[BlackElo "2308"]
[Annotator "TA"]
[PlyCount "46"]
[EventDate "2020.01.18"]
[EventType "team-tourn"]
[EventCountry "ESP"]
[SourceTitle "playchess.com"]
[Source "ChessBase"]
[SourceQuality "1"]

{[%evp 12,100,56,43,47,34,45,50,47,22,30,0,0,0,0,-6,-8,-14,-11,-66,-70,-96,-84,-87,-70,-68,-71,-83,-63,-343,-338,-348,-335,-422,-430,-433,-445,-428,-423,-427,-427,-406,-391,-492,-486,-476,-460,-527,-537,-502,-487,-585,-579,-601,-605,-648,-635,-666,-647,-820,-802,-875,-864,-848,-849,-784,-747,-741,-697,-759,-675,-890,-885,-850,-827,-873,-874,-883,-883,-873,-872,-858,-862,-4901,-2679,-12837,-12837,-12837,-12839,-12838,-12839]} 1. c4 e6 2. Nc3 d5 3. d4 c5 4. cxd5 exd5 5. Nf3 Nf6 6. Bg5 Be6 7. e3 c4 {is cutting edge theory. D32: Tarrasch Defence: Sidelines and lines without g3.} 8. Be2 Be7 9. O-O O-O {White is slightly better.} 10. b3 {[#]} Bb4 $146 ({Predecessor:} 10... Qa5 11. Rc1 b5 12. bxc4 bxc4 13. Ne5 Ba3 14. Bxf6 Bxc1 15. Bxg7 Kxg7 16. Qxc1 Nd7 {1-0 (41) Menna Barreto,F (2238)-Deste,D (1949) Petropolis 2012}) 11. Na4 b5 12. Nc5 Nbd7 13. Nxd7 Qxd7 14. Ne5 Qc7 15. Bf4 (15. Bxf6 $11 gxf6 16. Nf3) 15... Bd6 $15 16. Qc2 Rfc8 17. Bf3 Nd7 18. bxc4 bxc4 {[%cal Rd7e5]} 19. Qc3 Nb6 {Hoping for ...f6.} 20. e4 $2 {[%mdl 8192] [#]} (20. h3 $15) 20... f6 $19 21. Rad1 Rd8 ({Don't play} 21... fxe5 22. dxe5 Qf7 23. exd6) 22. Bg3 fxe5 23. dxe5 Be7 {Played: Bd6-c5} 0-1

[Event "CAT-chT 2020"]
[Site "Catalonia"]
[Date "2020.02.08"]
[Round "4.8"]
[White "Fernandez Serrano, Pau"]
[Black "Ayas Fernandez, Antonio"]
[Result "1-0"]
[WhiteElo "2056"]
[BlackElo "2228"]
[Annotator "ChessBase"]
[PlyCount "56"]
[EventDate "2020.01.18"]
[EventType "team-tourn"]
[EventCountry "ESP"]
[SourceTitle "playchess.com"]
[Source "ChessBase"]
[SourceQuality "1"]
[TimeControl "5400+30"]

1. d4 d5 2. Bf4 Nf6 3. e3 c5 4. c3 Nc6 5. Nd2 e6 6. Ngf3 Bd6 7. Bg3 O-O 8. Bd3 Re8 9. Ne5 Qc7 10. f4 b6 11. O-O g6 12. Bh4 Nd7 13. g4 Kg7 14. Qf3 f6 15. Nxc6 Qxc6 16. e4 cxd4 17. cxd4 Bb7 18. e5 Be7 19. Rac1 Qa4 20. Rc7 fxe5 21. Bxe7 e4 22. Qe3 Rxe7 23. Rxb7 exd3 24. Rc1 Rae8 25. b3 Qa3 26. Rcc7 Nf6 27. Qxe6 Ng8 28. Nb1 Ra8 1-0

[Event "CAT-chT 2020"]
[Site "Catalonia"]
[Date "2020.02.08"]
[Round "4.9"]
[White "Avila Jimenez, Xavier"]
[Black "Moravich Casais, Juan Santiago"]
[Result "1/2-1/2"]
[WhiteElo "2170"]
[BlackElo "2047"]
[Annotator "TA"]
[PlyCount "47"]
[EventDate "2020.01.18"]
[EventType "team-tourn"]
[EventCountry "ESP"]
[SourceTitle "playchess.com"]
[Source "ChessBase"]
[SourceQuality "1"]

{[%evp 9,47,26,33,20,18,20,29,11,29,21,63,-48,-58,-51,-40,-44,-35,-55,-54,-74,-52,-56,-21,-42,-37,-54,-44,-110,-26,-25,0,0,0,-15,90,54,120,119,129,126]} 1. d4 d5 2. Bf4 e6 3. Nd2 f5 4. e3 Nf6 5. Ngf3 Bd6 6. Ne5 {A80: Dutch Defence: Unusual White second moves.} O-O 7. Be2 Nbd7 8. O-O {White has an edge.} Qe7 9. c4 c6 {[#]} 10. c5 $146 ({White should try} 10. Ndf3 $14) ({Predecessor:} 10. Ndf3 Ne4 11. c5 Bb8 12. Nxd7 Bxd7 13. Bxb8 Raxb8 14. Ne5 g5 15. Bd3 Nf6 16. b4 {0-1 (33) Didenko,S (2123)-Purygin,A (2261) Dagomys 2009}) 10... Bxe5 $1 $15 11. dxe5 Ne8 {Threatens to win with ...g5.} 12. h4 Nxc5 13. h5 b6 14. Rc1 a5 15. Nf3 Bb7 16. Bg5 Qf7 17. Nd4 Nc7 18. h6 {[#]} (18. Bh4 $15) 18... g6 ({Better is} 18... Ne4 $1 $17 {[%cal Re4g5]} 19. Nf3 Qg6 20. hxg7 Qxg7) 19. f3 $11 Rac8 20. Qe1 N7a6 21. a3 {[%cal Ba2a3,Ba3b4][%mdl 32]} Nb8 (21... a4 $11 {remains equal.}) 22. b4 $16 axb4 (22... Ncd7 $1 $14) 23. axb4 Ncd7 24. f4 {Accuracy: White = 81%, Black = 56%.} 1/2-1/2

[Event "CAT-chT 2020"]
[Site "Catalonia"]
[Date "2020.02.08"]
[Round "4.9"]
[White "Fernandez Aguilar, Francisco"]
[Black "Hovakimyan, Narek"]
[Result "1-0"]
[WhiteElo "2152"]
[BlackElo "2064"]
[Annotator "ChessBase"]
[PlyCount "71"]
[EventDate "2020.01.18"]
[EventType "team-tourn"]
[EventCountry "ESP"]
[SourceTitle "playchess.com"]
[Source "ChessBase"]
[SourceQuality "1"]
[TimeControl "5400+30"]

1. Nf3 {[%emt 0:00:00]} c6 {[%emt 0:55:18]} 2. g3 {[%emt 0:00:00]} d5 {[%emt 0:00:00]} 3. Bg2 {[%emt 0:00:08]} Nf6 {[%emt 0:00:02]} 4. O-O {[%emt 0:00:13]} e6 {[%emt 0:00:13]} 5. d4 {[%emt 0:00:39]} Be7 {[%emt 0:00:03]} 6. Nbd2 {[%emt 0:02:32]} Nbd7 {[%emt 0:00:04]} 7. c4 {[%emt 0:01:04]} O-O {[%emt 0:00:02]} 8. Qc2 {[%emt 0:00:07]} Re8 {[%emt 0:00:43]} 9. e4 {[%emt 0:01:24]} dxe4 {[%emt 0:00:07]} 10. Nxe4 {[%emt 0:00:21]} Nxe4 {[%emt 0:00:02]} 11. Qxe4 {[%emt 0:00:22]} Nf6 {[%emt 0:00:02]} 12. Qc2 {[%emt 0:01:00]} h6 {[%emt 0:01:01]} 13. Rd1 {[%emt 0:01:19]} Qc7 {[%emt 0:05:28]} 14. Bf4 {[%emt 0:02:35]} Bd6 {[%emt 0:00:46]} 15. Bxd6 {[%emt 0:01:44]} Qxd6 {[%emt 0:00:02]} 16. c5 {[%emt 0:00:43]} Qc7 {[%emt 0:00:32]} 17. Ne5 {[%emt 0:01:03]} Bd7 {[%emt 0:03:01]} 18. a3 {[%emt 0:09:34]} Red8 {[%emt 0:01:47]} 19. Nc4 {[%emt 0:01:52]} Be8 {[%emt 0:01:31]} 20. Nd6 {[%emt 0:02:12]} Nd5 {[%emt 0:03:42]} 21. Bxd5 {[%emt 0:07:43]} cxd5 {[%emt 0:02:32]} 22. Qe2 {[%emt 0:00:16]} a6 {[%emt 0:05:47]} 23. f4 {[%emt 0:09:38]} b6 {[%emt 0:05:00]} 24. b4 {[%emt 0:00:32]} Rdb8 {[%emt 0:01:08]} 25. f5 {[%emt 0:10:25]} bxc5 {[%emt 0:03:51]} 26. dxc5 {[%emt 0:00:41]} Qe7 {[%emt 0:02:52]} 27. fxe6 {[%emt 0:05:07]} Qxe6 {[%emt 0:00:21]} 28. Qf3 {[%emt 0:02:11]} Bc6 {[%emt 0:00:35]} 29. Re1 {[%emt 0:00:50]} Qd7 {[%emt 0:01:06]} 30. Ra2 {[%emt 0:10:43]} d4 {[%emt 0:03:16]} 31. Qf4 {[%emt 0:00:50]} Ra7 {[%emt 0:01:51]} 32. Rf2 {[%emt 0:05:21]} Ba8 {[%emt 0:01:37]} 33. Nxf7 {[%emt 0:14:12]} Re8 34. Rxe8+ {[%emt 0:02:13]} Qxe8 {[%emt 0:00:02]} 35. Qe5 {[%emt 0:04:37]} Qc6 {[%emt 0:00:22]} 36. Qb8+ {[%emt 0:00:30]} 1-0

[Event "CAT-chT 2020"]
[Site "Catalonia"]
[Date "2020.02.08"]
[Round "4.10"]
[White "Barcelo Sola, David"]
[Black "Jareno Badenas, Aleix"]
[Result "1/2-1/2"]
[WhiteElo "1994"]
[BlackElo "2073"]
[Annotator "NA"]
[PlyCount "115"]
[EventDate "2020.01.18"]
[EventType "team-tourn"]
[EventCountry "ESP"]
[SourceTitle "playchess.com"]
[Source "ChessBase"]
[SourceQuality "1"]
[TimeControl "5400+30"]

1. e4 {[%emt 0:00:00]} e6 {[%emt 0:00:00]} 2. d4 {[%emt 0:00:00]} d5 {[%emt 0:00:00]} 3. Nc3 {[%emt 0:00:00]} Nf6 {[%emt 0:00:00]} 4. Bg5 {[%emt 0:00:01]} dxe4 {[%emt 0:00:00]} 5. Nxe4 {[%emt 0:00:17]} Be7 {[%emt 0:00:00]} 6. Bxf6 {[%emt 0:00:08]} gxf6 {[%emt 0:00:05]} 7. Nf3 {[%emt 0:00:51]} f5 {[%emt 0:01:02]} 8. Nc3 {[%emt 0:00:28]} a6 {[%emt 0:00:09]} 9. Bc4 {[%emt 0:06:31]} b5 {[%emt 0:04:59]} 10. Bb3 {[%emt 0:01:11]} c5 {[%emt 0:00:44]} 11. dxc5 {[%emt 0:15:52]} Qxd1+ {[%emt 0:17:48]} 12. Rxd1 {[%emt 0:00:13]} Bb7 {[%emt 0:00:04]} 13. O-O {[%emt 0:17:17]} Rg8 {[%emt 0:04:21]} 14. Kh1 {[%emt 0:02:33]} Nd7 {[%emt 0:06:07]} 15. Rfe1 {[%emt 0:05:55]} O-O-O {[%emt 0:29:01]} 16. c6 {[%emt 0:11:09]} Bxc6 {[%emt 0:00:43]} 17. Bxe6 {[%emt 0:00:24]} fxe6 {[%emt 0:13:10]} 18. Rxe6 {[%emt 0:00:10]} Bxf3 {[%emt 0:00:03]} 19. gxf3 {[%emt 0:00:11]} Bc5 {[%emt 0:16:32]} 20. Rxa6 {[%emt 0:02:30]} b4 {[%emt 0:04:11]} 21. Nd5 {[%emt 0:05:56]} Kb7 {[%emt 0:00:43]} 22. Rh6 {[%emt 0:00:20]} Rg7 {[%emt 0:00:41]} 23. c3 {[%emt 0:03:10]} Ne5 {[%emt 0:00:35]} 24. Rf6 {[%emt 0:11:50]} Bxf2 {[%emt 0:00:25]} 25. Rxf5 {[%emt 0:07:30]} Rxd5 {[%emt 0:00:09]} 26. Rf1 {[%emt 0:00:17]} bxc3 {[%emt 0:00:49]} 27. bxc3 {[%emt 0:00:21]} Rc5 {[%emt 0:00:36]} 28. Rxf2 {[%emt 0:02:21]} Rxc3 {[%emt 0:00:27]} 29. h3 {[%emt 0:00:38]} Nd3 {[%emt 0:00:32]} 30. Re2 {[%emt 0:03:09]} Kc7 {[%emt 0:00:31]} 31. a4 {[%emt 0:00:32]} Ra3 {[%emt 0:00:25]} 32. Rc2+ {[%emt 0:01:09]} Kb7 {[%emt 0:00:29]} 33. Rb5+ {[%emt 0:01:32]} Ka7 {[%emt 0:00:35]} 34. Ra5+ {[%emt 0:00:24]} Kb7 {[%emt 0:00:03]} 35. Rb5+ {[%emt 0:00:07]} Ka7 {[%emt 0:00:44]} 36. Ra5+ {[%emt 0:00:05]} Kb6 {[%emt 0:00:03]} 37. Rb5+ {[%emt 0:00:08]} Ka6 {[%emt 0:00:12]} 38. Rc8 {[%emt 0:01:59]} Ra1+ {[%emt 0:01:21]} 39. Kh2 {[%emt 0:00:05]} Ra2+ {[%emt 0:00:01]} 40. Kh1 {[%emt 0:00:06]} Ra1+ {[%emt 0:00:03]} 41. Kh2 {[%emt 0:00:14]} Ra2+ {[%emt 0:00:53]} 42. Kh1 {[%emt 0:00:07]} Rxa4 {[%emt 0:00:02]} 43. Rb3 {[%emt 0:01:09]} Ra1+ {[%emt 0:01:25]} 44. Kh2 {[%emt 0:00:06]} Ra2+ {[%emt 0:00:02]} 45. Kh1 {[%emt 0:00:13]} Ra1+ {[%emt 0:00:01]} 46. Kh2 {[%emt 0:00:21]} Ra2+ {[%emt 0:00:38]} 47. Kh1 {[%emt 0:00:07]} Nf2+ {[%emt 0:00:22]} 48. Kh2 {[%emt 0:00:12]} Ka7 {[%emt 0:01:36]} 49. Rbb8 {[%emt 0:01:59]} Ne4+ {[%emt 0:00:34]} 50. Kh1 {[%emt 0:00:07]} Ra1+ {[%emt 0:00:23]} 51. Kh2 {[%emt 0:00:10]} Ra2+ {[%emt 0:00:04]} 52. Kh1 {[%emt 0:00:13]} Nf2+ {[%emt 0:01:04]} 53. Kh2 {[%emt 0:00:08]} Ra6 {[%emt 0:00:31]} 54. Ra8+ {[%emt 0:00:35]} Kb6 {[%emt 0:00:23]} 55. Rxa6+ {[%emt 0:02:30]} Kxa6 {[%emt 0:00:05]} 56. Rd8 {[%emt 0:00:04]} Rf7 {[%emt 0:00:59]} 57. Kg3 {[%emt 0:01:34]} Nxh3 {[%emt 0:00:05]} 58. Kxh3 {[%emt 0:00:07]} 1/2-1/2

[Event "CAT-chT 2020"]
[Site "Catalonia"]
[Date "2020.02.08"]
[Round "4.10"]
[White "Serrano Batova, Vicent"]
[Black "Ruperez Ryhr, Miguel Angel"]
[Result "0-1"]
[WhiteElo "1743"]
[BlackElo "2126"]
[Annotator "ChessBase"]
[PlyCount "110"]
[EventDate "2020.01.18"]
[EventType "team-tourn"]
[EventCountry "ESP"]
[SourceTitle "playchess.com"]
[Source "ChessBase"]
[SourceQuality "1"]
[TimeControl "5400+30"]

1. d4 Nf6 2. Nf3 e6 3. e3 d5 4. Bd3 c5 5. b3 Nc6 6. Bb2 Bd6 7. Nbd2 O-O 8. O-O b6 9. Ne5 Bb7 10. f4 Rc8 11. a3 Ne7 12. g4 Ne4 13. g5 Nf5 14. Qe2 f6 15. gxf6 gxf6 16. Ng4 Rc7 17. Nxe4 dxe4 18. Bc4 Bd5 19. Bxd5 exd5 20. dxc5 Bxc5 21. b4 Rg7 22. Kh1 Be7 23. Rad1 Kh8 24. Rg1 Rfg8 25. Nf2 Qf8 26. Nh3 Rxg1+ 27. Rxg1 Rxg1+ 28. Nxg1 Qg8 29. Qf2 Qg4 30. Ne2 Qf3+ 31. Qxf3 exf3 32. Nd4 Nxe3 33. Kg1 f2+ 34. Kxf2 Nd1+ 35. Kf3 Nxb2 36. Nc6 Bf8 37. Nxa7 Nc4 38. Nb5 f5 39. c3 Bg7 40. Nc7 Bxc3 41. Nxd5 Bd4 42. a4 Kg7 43. a5 bxa5 44. bxa5 Nxa5 45. Ne7 Kf6 46. Nd5+ Ke6 47. Nb4 Bc5 48. Nd3 Bd6 49. Ne1 Nc6 50. Ng2 Nd4+ 51. Ke3 Kd5 52. Kd3 Nf3 53. h3 Ng1 54. h4 Bc5 55. h5 Nh3 {Kd4+ Ke5+} 0-1

[Event "CAT-chT 2020"]
[Site "Catalonia"]
[Date "2020.02.15"]
[Round "5"]
[White "Garriga Cazorla, Pere"]
[Black "Granados Gomez, Manuel"]
[Result "*"]
[WhiteElo "2486"]
[BlackElo "2374"]
[Annotator "ChessBase"]
[PlyCount "39"]
[EventDate "2020.01.18"]
[EventType "team-tourn"]
[EventCountry "ESP"]
[SourceTitle "playchess.com"]
[Source "ChessBase"]
[SourceQuality "1"]
[TimeControl "5400+30"]

1. Nf3 {[%emt 0:00:00]} d5 {[%emt 0:00:00]} 2. c4 {[%emt 0:00:00]} c6 {[%emt 0:00:00]} 3. d4 {[%emt 0:00:00]} Nf6 {[%emt 0:00:07]} 4. Nc3 {[%emt 0:00:00]} dxc4 {[%emt 0:00:09]} 5. a4 {[%emt 0:00:00]} Bf5 {[%emt 0:00:13]} 6. e3 {[%emt 0:00:00]} e6 {[%emt 0:00:08]} 7. Bxc4 {[%emt 0:00:02]} Bb4 {[%emt 0:00:09]} 8. O-O {[%emt 0:00:05]} O-O {[%emt 0:00:10]} 9. Qe2 {[%emt 0:00:01]} Ne4 {[%emt 0:00:13]} 10. Ne5 {[%emt 0:00:20]} Nxc3 {[%emt 0:05:49]} 11. bxc3 {[%emt 0:00:21]} Bxc3 {[%emt 0:00:08]} 12. Ra3 {[%emt 0:00:05]} Bb4 {[%emt 0:00:10]} 13. Rb3 {[%emt 0:01:16]} a5 {[%emt 0:02:16]} 14. e4 {[%emt 0:01:38]} Bg6 {[%emt 0:00:45]} 15. h4 {[%emt 0:07:19]} Qxh4 {[%emt 0:07:00]} 16. Nxg6 {[%emt 0:00:50]} hxg6 {[%emt 0:00:17]} 17. Rh3 {[%emt 0:00:40]} Qe7 {[%emt 0:00:16]} 18. Qg4 {[%emt 0:01:52]} Re8 19. Bg5 {[%emt 0:24:30]} f6 {[%emt 0:02:32]} 20. f4 {[%emt 0:02:02]} *

[Event "CAT-chT 2020"]
[Site "Catalonia"]
[Date "2020.02.15"]
[Round "5"]
[White "Jerez Perez, Alfonso"]
[Black "Krysa, Leandro"]
[Result "*"]
[WhiteElo "2372"]
[BlackElo "2522"]
[Annotator "TA"]
[PlyCount "24"]
[EventDate "2020.01.18"]
[EventType "team-tourn"]
[EventCountry "ESP"]
[SourceTitle "playchess.com"]
[Source "ChessBase"]
[SourceQuality "1"]

{[%evp 14,24,-14,-20,-18,-18,-8,-88,-29,-60,-53,-118,-103]} 1. e4 e5 2. Nf3 Nc6 3. Bb5 a6 4. Ba4 Nf6 5. Qe2 Bc5 6. c3 b5 7. Bb3 O-O 8. d3 h6 {C77: Ruy Lopez: 3...a6 4 Ba4 Nf6, unusual lines.} 9. h3 d5 10. g4 {[#]} (10. Nbd2 $11) 10... Qd6 $146 (10... a5 $17 11. a4 dxe4 12. dxe4 b4) ({Predecessor:} 10... Be6 11. g5 dxe4 12. dxe4 Bxb3 13. axb3 hxg5 14. Bxg5 Qd6 15. Nbd2 Nh7 16. Rg1 Nxg5 17. Rxg5 {1-0 (33) Tiviakov,S (2569)-Sanal,V (2505) Nakhchivan 2017}) 11. Nbd2 d4 12. c4 (12. a4 $15 Be6 13. O-O) 12... Na5 *

[Event "CAT-chT 2020"]
[Site "Catalonia"]
[Date "2020.02.15"]
[Round "5"]
[White "Mellado Trivino, Juan"]
[Black "Garrido Fernandez, Daniel"]
[Result "*"]
[WhiteElo "2349"]
[BlackElo "2266"]
[Annotator "ChessBase"]
[PlyCount "20"]
[EventDate "2020.01.18"]
[EventType "team-tourn"]
[EventCountry "ESP"]
[SourceTitle "playchess.com"]
[Source "ChessBase"]
[SourceQuality "1"]
[TimeControl "5400+30"]

1. e4 {[%emt 0:00:00]} c5 {[%emt 0:00:00]} 2. Nf3 {[%emt 0:00:01]} Nc6 {[%emt 0:00:00]} 3. c3 {[%emt 0:00:42]} d5 {[%emt 0:00:38]} 4. exd5 {[%emt 0:00:51]} Qxd5 {[%emt 0:00:06]} 5. d4 {[%emt 0:00:19]} g6 {[%emt 0:00:15]} 6. Be2 {[%emt 0:14:12]} cxd4 {[%emt 0:01:53]} 7. cxd4 {[%emt 0:22:21]} Bg7 {[%emt 0:00:24]} 8. Nc3 {[%emt 0:00:10]} Qa5 {[%emt 0:00:17]} 9. d5 {[%emt 0:14:35]} Nb4 {[%emt 0:03:07]} 10. O-O {[%emt 0:00:54]} Nf6 {[%emt 0:03:16]} *